000 00317nam a2200109Ia 4500
008 220214s9999 xx 000 0 und d
100 _aMehrothra MD
245 0 _aPericonia leaf spotting and blight of Hevea brasiliensis: A new disease from India
260 _bIndian Forester
_c1988
300 _a405-409
942 _cRE
999 _c46153
_d46153